| 000 | 01147nam0a22002891 4500 | ||
|---|---|---|---|
| 001 | rc\3987981 | ||
| 005 | 20260318101852.0 | ||
| 021 |
_aRU _b[56-8332] |
||
| 035 | _a(NLR Aleph) 008065475 | ||
| 090 |
_a9029750 _c9029750 |
||
| 100 | _a20130415d1956 u y0rusy50 ca | ||
| 101 | 1 |
_arus _ceng |
|
| 102 | _aRU | ||
| 105 | _ab z ||||| | ||
| 200 | 1 |
_aПутешествие на "Кон-Тики" _eНа плоту от Перу до Полинезии _e[Пер. с англ.] _fНауч. ред., [предисл.] и примеч. чл.-кор. Акад. наук СССР С.В. Обручева |
|
| 210 |
_a[Москва] _cМол. гвардия _d1956 |
||
| 215 |
_a287 с. _cкарт. _d21 |
||
| 606 |
_aПолинезийцы _2psbo |
||
| 607 |
_aОкеания _xПутешествия _2psbo |
||
| 700 | 1 |
_aХейердал _bТ. _f1914- _gТур |
|
| 702 | 1 |
_4340 _4080 _4212 _7ca _8rus _aОбручев _bС. В. _cгеолог _f1891-1965 _gСергей Владимирович _94327 _3RU\NLR\AUTH\7721264 |
|
| 801 | 0 |
_aRU _bNLR _gpsbo |
|
| 801 | 1 |
_aRU _bELAR _2rusmarc |
|
| 852 |
_aNLR _jЛ60 Г-3/752 |
||
| 942 | _cBOOK | ||
| 980 | _aNB | ||